000
00297nam a2200109Ia 4500
008
200302s9999 xx 000 0 und d
100
_a
Scott Marble ed.
245
_a
Digital workflows in Architecture design - assembly industry
260
_b
Birkhauser Verlag Gmbh
260
_c
2012
300
_a
280
999
_c
6184
_d
6184